000 00651nam a22002057a 4500
005 20251108171224.0
008 250721s1998 xx 000 0 ara d
082 1 4 _aط/928.2/كيل
100 1 _aالمحامي، محمد كامل حسن
245 1 0 _aهيلن كلير :
_bمعجزة الإدارة البشرية /
246 1 1 _aHelen Adams Keller
264 1 _aبيروت :
_bالمكتب العالمي للطباعة و النشر،
_c1998.
300 _a119ص
490 0 _aعباقرة خالدون
650 1 7 _aالتراجم
650 1 7 _aأدب الأطفال
650 1 7 _aالأدباء
942 _2ddc
_cBK
999 _c59723
_d59723